Dopady finančnej a hospodárskej krízy a protikrízových opatrení na obce
Základné rámce dopadov a prejavov finančnej a hospodárskej krízy v obciach. Opatrenia a nástroje obcí na preklenutie dopadov finančnej a hospodárskej krízy. Dopady finančnej a hospodárskej krízy na rozpočtové hospodárenie obcí v roku 2009, stav ekonomiky obcí pri vstupe do druhého roku krízy. Riziká...
Saved in:
| Main Author: | |
|---|---|
| Format: | Book Chapter |
| Language: | Slovak |
| Subjects: | |
| Tags: |
No Tags, Be the first to tag this record!
|
MARC
| LEADER | 00000nla$a2200000$$$4500 | ||
|---|---|---|---|
| 001 | 0129353 | ||
| 005 | 20221107083853.7 | ||
| 041 | 0 | |a slo | |
| 044 | |a SK | ||
| 245 | 1 | 0 | |a Dopady finančnej a hospodárskej krízy a protikrízových opatrení na obce |c Jaroslav Mrva |
| 520 | |a Základné rámce dopadov a prejavov finančnej a hospodárskej krízy v obciach. Opatrenia a nástroje obcí na preklenutie dopadov finančnej a hospodárskej krízy. Dopady finančnej a hospodárskej krízy na rozpočtové hospodárenie obcí v roku 2009, stav ekonomiky obcí pri vstupe do druhého roku krízy. Riziká ekonomickej stability a rozpočtového hospodárenia obcí v roku 2010. | ||
| 610 | 2 | 0 | |a kríza finančná |
| 610 | 2 | 0 | |a kríza hospodárska |
| 610 | 2 | 0 | |a obce |
| 610 | 2 | 0 | |a rozpočet miestny |
| 610 | 2 | 0 | |a Slovensko |
| 100 | 1 | |a Mrva, Jaroslav | |